000 00474nam a22001817a 4500
003 OSt
008 260430b |||||||| |||| 00| 0 eng d
082 _a634.44
_bS33S
100 _aSharda, Durgesh Ranjan
245 _aStudies on Veneer Grafting in Mango (Mangifera Indica L.)
260 _aPusa, Samastipur
_bRAU
_c1996
300 _a65P.
502 _bMsc.
_d1996
650 _aFruit and Fruit Technology
650 _aHorticulture
650 _aMsc.
942 _2ddc
_cT
999 _c50321
_d50321